Хамлет от град Левски (Запис номер 377363)
[ съкратено ]
| 000 -Лидер | |
|---|---|
| Контролно поле с фиксирана дължина | 01465nam a2200385 a 4500 |
| 003 - Код на организацията, давaща контролен номер | |
| Контролно поле | BLK |
| 005 - Дата и час на последна редакция | |
| Контролно поле | 20250630115015.0 |
| 008 - Елементи от данни с фиксирана дължина | |
| fixed length control field | 180413b bul|||||r ||||||| ||bul|| |
| 010 ## - Наследен системен номер | |
| LC control number | KNG00026791000 |
| 020 ## - Международен стандартен номер на книга ISBN | |
| Международен стандартен номер на книга ISBN | 9786191952588 |
| 040 ## - Източник на каталожния запис | |
| Идентификатор на билиотеката - собственик на записа | BLK |
| 041 ## - Код за език | |
| Код за езика на текст/звукозапис или на отделно заглавие | Български |
| Код за езика КДБФ | Български |
| 080 ## - УДК | |
| Текстов определител УДК | Българска литература |
| УДК код - определител по УДК | 821.163.2 |
| УДК определител | -9 |
| УДК - код + определител | 821.163.2-9 |
| 080 ## - УДК | |
| Текстов определител УДК | Български актьор |
| УДК код - определител по УДК | 929 Парцалев, Георги Иванов |
| УДК - код + определител | 929 Парцалев, Георги Иванов |
| 100 ## - Редна дума - Автор | |
| Автор | Тошев, Георги |
| Авторска отговорност | първи автор |
| R(LIN) | 372223 |
| 139 ## - Редно поле | |
| Редна дума | Парцалев, Георги |
| Авторски знак | Пару - П 24 |
| 245 10 - Сведения за заглавието | |
| Заглавие | Хамлет от град Левски |
| Редно поле (дума) | Георги Тошев |
| 257 ## - Страна на издаване | |
| Страна на създаване/издаване | България |
| 260 ## - Област на издателските данни | |
| Име на издателя, разпространителя и проч. | Книгомания |
| Година на издаване | 2020 |
| 9 (RLIN) | 214104 |
| Място на издаване, разпространение и проч. | София |
| Издателство - префикс ISBN | 978-619-195- ; 978-954-8432- ; 978-954-9817- ; 954-90578- |
| 300 ## - Физическа характеристика | |
| Страници | 240 с. |
| Илюстрации и др. | със сн. |
| Размери/Мащаб | 20 см |
| 380 ## - Жанр | |
| Жанр | Изкуство |
| 600 14 - Име на лице, използвано като предмет | |
| За него / За нея | Парцалев, Георги Иванов |
| 9 (RLIN) | 267570 |
| 650 #4 - Допълнително описание по предмет – тема | |
| Основно описание – тема или топоним | Артисти, български - спомени |
| 9 (RLIN) | 250105 |
| 653 ## - Ключова дума – ненормативна | |
| Ключова дума | български артисти |
| 653 ## - Ключова дума – ненормативна | |
| Ключова дума | Георги Парцалев |
| 852 ## - Местоположение | |
| Форматна сигнатура | 886.163.2-9/П 24 Г |
| Фондова буква | Заемна - подръчен фонд |
| 856 4# - Електронен адрес и достъп | |
| Електронен формат | pdf - файл |
| Път до файла /url/ | |
| Инструкция (цена за достъп) | 0.00 |
| Права за достъп | disable |
| 856 4# - Електронен адрес и достъп | |
| Електронен формат | pdf - файл |
| Път до файла /url/ | |
| Инструкция (цена за достъп) | 0.00 |
| Права за достъп | disable |
| 999 ## - СИСТЕМНИ КОНТРОЛНИ НОМЕРА | |
| Koha biblionumber | 377363 |
| Koha biblioitemnumber | 377363 |
| 942 ## - АРТИКУЛИ | |
| Вид на библиотечния материал | Книги |
| Скрит в OPAC | Не |
| Периодичен библиозапис | Да |
| Koha issues (borrowed), all copies | 47 |
| 944 ## - СЪЗДАВАНЕ И РЕДАКЦИЯ на ЗАПИСА | |
| Създаване/Редакция | Създаване |
| Дата на регистрацията/редакция | 2020-07-28 |
| Служител, извършил регистрацията/редакцията | 30531 |
| Статус, дата на статуса | Цветелина Шанова |
| 999 ## - СИСТЕМНИ КОНТРОЛНИ НОМЕРА | |
| Koha biblioitemnumber | 377363 |
| 999 ## - СИСТЕМНИ КОНТРОЛНИ НОМЕРА | |
| Koha biblioitemnumber | 377363 |
| 999 ## - СИСТЕМНИ КОНТРОЛНИ НОМЕРА | |
| Koha biblioitemnumber | 377363 |
| 999 ## - СИСТЕМНИ КОНТРОЛНИ НОМЕРА | |
| Koha biblioitemnumber | 24285 |
| Код за отписване | Код за изгубен артикул | Източник на класификационната схема | Код за повреда | Коз за рестрикции | Код за отдаване | Артикулен № | Име на библиотеката - собственик | Име на библиотеката, в която се намира в момента | Статус (Текущо местоположение) | Дата на вписване в системата | Местоположение - отдел | Цена в лева | Систематично азбучна сигнатура | Баркод | Цена в евро | Служебен тип на артикула |
|---|---|---|---|---|---|---|---|---|---|---|---|---|---|---|---|---|
| Не е изгубен | Universal Decimal Classification | Не е повреден | без рестрикции | заемане за дома | 786619 | Регионална библиотека "Любен Каравелов" Русе | Регионална библиотека "Любен Каравелов" Русе | Заемна - подръчен фонд | 2020-07-28 | Заемна - подръчен фонд | 18.68 | 821.163.2-9/П 24 Г | 120000845609 | 9.55 | Книги | |
| Не е изгубен | Universal Decimal Classification | Не е повреден | без рестрикции | заемане за дома | 786620 | Регионална библиотека "Любен Каравелов" Русе | Регионална библиотека "Любен Каравелов" Русе | Заемна - подръчен фонд | 2020-07-28 | Заемна - подръчен фонд | 18.68 | 821.163.2-9/П 24 Г | 120000845610 | 9.55 | Книги | |
| Не е изгубен | Universal Decimal Classification | Не е повреден | без рестрикции | заемане за дома | 786621 | Регионална библиотека "Любен Каравелов" Русе | Регионална библиотека "Любен Каравелов" Русе | Заемна - подръчен фонд | 2020-07-28 | Заемна - подръчен фонд | 18.68 | 821.163.2-9/П 24 Г | 120000845611 | 9.55 | Книги | |
| Не е изгубен | Universal Decimal Classification | Не е повреден | само за читалня | ползва се в читалня | 802962 | Регионална библиотека "Любен Каравелов" Русе | Регионална библиотека "Любен Каравелов" Русе | Хранилище | 2020-10-07 | Хранилище | 24.90 | Цб 304189 | 120000849072 | 12.73 | Книги |